[Event "Penang op-B 9th"]
[Site "Penang"]
[Date "2017.12.06"]
[Round "4"]
[White "Yip, Thung"]
[Black "Jelsen, Yemi"]
[Result "1-0"]
[WhiteElo "1664"]
[BlackElo "1934"]
[PlyCount "119"]
[EventDate "2017.12.04"]
[EventType "swiss"]
[EventRounds "9"]
[EventCountry "MAS"]
[SourceTitle "CBM 182 Extra"]
[Source "ChessBase"]
[SourceDate "2018.02.23"]
[SourceVersion "1"]
[SourceVersionDate "2018.02.23"]
[SourceQuality "1"]

1. d4 Nf6 2. c4 e6 3. g3 d5 4. Nf3 Be7 5. Bg2 0-0 6. 0-0 c6 7. Qc2 b6 8. Rd1 Bb7 9. Nbd2 Nbd7 10. b3 Rc8 11. e4 dxe4 12. Nxe4 c5 13. Nxf6+ Bxf6 14. Ng5 Bxg5 15. Bxb7 Rc7 16. dxc5 bxc5 17. Bg2 Bxc1 18. Raxc1 Qe7 19. Rd2 Nf6 20. Rcd1 Rfc8 21. Qc3 Rd7 22. Rxd7 Nxd7 23. Qd2 Nf6 24. Qa5 Kf8 25. Qa6 Rc7 26. Bc6 Ng4 27. Qb5 g6 28. Qb8+ Kg7 29. Bf3 Nf6 30. Rd8 e5 31. g4 e4 32. Be2 g5 33. h4 h6 34. hxg5 hxg5 35. Rd1 Rd7 36. Rxd7 Qxd7 37. Qe5 Kg6 38. f3 exf3 39. Bxf3 Nxg4 40. Qe4+ f5 41. Bxg4 Kf6 42. Bxf5 Qxf5 43. Qc6+ Kf7 44. Qc7+ Kg6 45. Qc6+ Kh5 46. Qh1+ Kg4 47. Qg2+ Kh4 48. Qh2+ Qh3 49. Qxh3+ Kxh3 50. b4 Kg4 51. b5 Kf4 52. a4 Ke5 53. a5 Kd4 54. b6 axb6 55. axb6 Kxc4 56. b7 Kd3 57. b8Q c4 58. Qb1+ Kd2 59. Qb2+ Kd3 60. Qc1 1-0

[Event "Penang op-B 9th"]
[Site "Penang"]
[Date "2017.12.04"]
[Round "1"]
[White "Ong, Ewe Shern"]
[Black "Yip, Thung"]
[Result "0-1"]
[WhiteElo "1042"]
[BlackElo "1664"]
[PlyCount "82"]
[EventDate "2017.12.04"]
[EventType "swiss"]
[EventRounds "9"]
[EventCountry "MAS"]
[SourceTitle "CBM 182 Extra"]
[Source "ChessBase"]
[SourceDate "2018.02.23"]
[SourceVersion "1"]
[SourceVersionDate "2018.02.23"]
[SourceQuality "1"]

1. e4 c6 2. d4 d5 3. e5 c5 4. c3 e6 5. Nf3 Nd7 6. Be3 Ne7 7. Bd3 Nc6 8. 0-0 Be7 9. Qd2 0-0 10. Bc2 Re8 11. Qd3 g6 12. Qd2 Bf8 13. Bg5 Qb6 14. Ba4 Bg7 15. Bh6 Qa5 16. Bxg7 Kxg7 17. Bxc6 bxc6 18. a3 cxd4 19. cxd4 Qxd2 20. Nbxd2 c5 21. Rfe1 Rb8 22. b3 Ba6 23. Rac1 Rec8 24. Rc3 cxd4 25. Rxc8 Rxc8 26. Nxd4 Nxe5 27. N2f3 Nxf3+ 28. Nxf3 Rc3 29. Re3 Rc1+ 30. Re1 Rxe1+ 31. Nxe1 Kf6 32. f3 Ke5 33. Nc2 Be2 34. b4 Bd3 35. Ne3 f5 36. g3 Kd4 37. Kf2 Kc3 38. Nd1+ Kb3 39. Ke3 Bb5 40. f4 Kxa3 41. Kd4 Kxb4 0-1